000 00583nam a2200229Ia 4500
003 OSt
005 20220924153159.0
006 a|||||r|||| 00| 0
007 ta
008 220923b |||||||| |||| 00| 0 guj d
024 _a347105
037 _cTextual
040 _aARTS
_cARTS
_bguj
041 _2guj
_aguj
082 _aO157,3N123,1, 156K5
100 _aMitr Bimal
_9228233
245 0 _aShaheb biwi gulam
260 _c1965
650 _aBENGALI LITERATURE
942 _hO157,3N123,1, 156K5
_cTEXL
_2CC
999 _c472602
_d472602